Statistics for Orlando International Airport Destinations (Orlando, FL, USA)

Click here to take the quiz!

General Stats

  • This quiz has been taken 56 times
  • The average score is 110 of 162

Answer Stats

AirlineDestination% Correct
Delta Air Lines/Frontier Airlines/Southwest Airlines/Spirit ArilinesAtlanta
94%
JSX/Southwest AirlinesDallas (Love)
94%
Frontier Airlines/Southwest Airlines/United AirlinesDenver
94%
American Airlines/Delta Air Lines/JSX/Spirit AirlinesMiami
94%
American Airlines/Frontier Airlines/Southwest AirlinesPhoenix (Sky Harbor)
94%
Frontier Airlines/Southwest Airlines/Spirit AirlinesSan Antonio
94%
American Airlines/Frontier Airlines/Southwest Airlines/Spirit AirlinesAustin
92%
Frontier Airlines/Southwest Airlines/Spirit AirlinesColumbus (Glenn)
92%
American Airlines/Frontier Airlines/Spirit AirlinesDallas/Fort Worth
92%
Frontier Airlines/Southwest AirlinesHouston (Hobby)
92%
Frontier Airlines/Southwest Airlines/Spirit Airlines/United AirlinesHouston (Intercontinental)
92%
Virgin AtlanticLondon (Heathrow)
92%
Delta Air Lines/JetBlueNew York (JFK)
92%
Delta Air Lines/Frontier Airlines/JetBlue/Southwest Airlines/Spirit AirlinesNew York (LaGuardia)
92%
American Airlines/Frontier Airlines/Southwest Airlines/Spirit AirlinesPhiladelphia
92%
Alaska Airlines/United AirlinesSan Francisco
92%
Alaska Airlines/Delta Air LinesSeattle/Tacoma
92%
Delta Air Lines/Frontier Airlines/JetBlue/Southwest Airlines/Spirit AirlinesBoston
89%
American Airlines/Frontier Airlines/Spirit AirlinesCharlotte
89%
Southwest Airlines/Spirit AirlinesKansas City
89%
Frontier Airlines/Southwest Airlines/Spirit AirlinesLas Vegas
89%
Spirit AirlinesLatrobe/Pittsburgh
89%
British Airways/Norse Atlantic AirwaysLondon (Gatwick)
89%
Frontier Airlines/Southwest Airlines/Spirit AirlinesNew Orleans
89%
Frontier Airlines/Southwest Airlines/Spirit AirlinesPittsburgh
89%
Frontier Airlines/Southwest AirlinesPortland (ME)
89%
Alaska AirlinesPortland (OR)
89%
Frontier Airlines/JetBlue/Spirit AirlinesSan Jose de Costa Rica (Juan Santamaria)
89%
WestJetVancouver
89%
Avianca/LATAM Colombia/Spirit AirlinesBogota
86%
Frontier Airlines/Southwest AirlinesChicago (Midway)
86%
American Airlines/Frontier Airlines/Southwest Airlines/Spirit Airlines/United AirlinesChicago (O'Hare)
86%
Frontier Airlines/Southwest Airlines/Spirit Airlines/United AirlinesCleveland
86%
Southwest AirlinesJackson (MS)
86%
American Airlines/Delta Air Lines/JetBlue/United AirlinesLos Angeles
86%
Frontier Airlines/Southwest Airlines/Spirit AirlinesMilwaukee
86%
Frontier Airlines/Southwest Airlines/Spirit AirlinesNashville
86%
Alaska Airlines/Frontier AirlinesSan Diego
86%
Frontier Airlines/Southwest Airlines/Spirit AirlinesSt. Louis
86%
Frontier Airlines/Southwest Airlines/Spirit AirlinesBaltimore
83%
Frontier Airlines/JetBlue/Spirit AirlinesCancun
83%
Delta Air Lines/Frontier Airlines/Southwest AirlinesCincinnati
83%
Delta Air Lines/Frontier Airlines/Southwest Airlines/Spirit AirlinesDetroit
83%
Aer LingusDublin
83%
Frontier Airlines/Southwest AirlinesEl Paso
83%
Frontier Airlines/Southwest Airlines/Spirit Airlines/Sun Country AirlinesIndianapolis
83%
Frontier Airlines/Southwest Airlines/Spirit AirlinesMemphis
83%
Aeromexico/VoarisMexico City
83%
Southwest Airlines/Spirit Airlines/Sun Country AirlinesMinneapolis/St. Paul
83%
Air Canada Rouge/Air TransatMontreal (Trudeau)
83%
JetBlue/Spirit Airlines/United AirlinesNewark
83%
Frontier Airlines/Southwest AirlinesOklahoma City
83%
Avelo Airlines/Delta Air Lines/Frontier Airlines | Southwest Airlines/Spirit AirlinesRaleigh/Durham
83%
Air Canada/Air Canada Rouge/Air Transat/Lynx Air/Sunwing Airlines/WestJetToronto (Pearson)
83%
United AirlinesWashington (Dulles)
83%
American Airlines/Delta Air Lines/JetBlue/Southwest AirlinesWashington (National)
83%
Southwest AirlinesAlbuquerque
81%
Southwest Airlines/Spirit AirlinesManchester (NH)
81%
Aer Lingus/Virgin AtlanticManchester (UK)
81%
Bahamasair/Frontier Airlines/JetBlueNassau
81%
Air Canada Rouge/WestJetOttawa
81%
Copa AirlinesPanama City (Tocumen)
81%
IcelandairReykjavik
81%
JetBlue/Spirit AirlinesRichmond
81%
Delta Air Lines/JetBlue/Southwest Airlines/Spirit AirlinesSalt Lake City
81%
Southwest AirlinesBirmingham (AL)
78%
Frontier Airlines/JetBlue/Southwest AirlinesBuffalo
78%
WestJetCalgary
78%
Frontier Airlines/Southwest Airlines/Spirit AirlinesLouisville
78%
LATAM BrasilSao Paulo (Guarulhos)
78%
JetBlue/Southwest AirlinesAlbany
75%
Delta Air LinesAmsterdam
75%
Frontier Airlines/Southwest AirlinesDes Moines
75%
Frontier AirlinesKnoxville
75%
Breeze Airways/Frontier Airlines/JetBlue | Southwest AirlinesProvidence
75%
Frontier AirlinesSanto Domingo (Las Americas)
75%
WestJetEdmonton
72%
Eurowings DiscoverFrankfurt
72%
Frontier Airlines/Southwest AirlinesOmaha
72%
Breeze Airways/Southwest AirlinesTulsa
72%
Breeze AirwaysAkron/Canton
69%
Breeze Airways/Silver AirwaysCharleston (SC)
69%
Spirit AirlinesCharleston (WV)
69%
EmiratesDubai (International)
69%
Frontier Airlines/VolarisGuadalajara
69%
Frontier Airlines/Sun Country AirlinesMadison
69%
Frontier Airlines/Southwest Airlines/Spirit AirlinesRochester (NY)
69%
Avianca El Salvador/Frontier Airlines/Spirit AirlinesSan Salvador
69%
WestJetWinnipeg
69%
Virgin AtlanticEdinburg
67%
Frontier AirlinesFargo
67%
Silver Airways/Southwest Airlines/Spirit AirlinesFort Lauderdale
67%
Spirit AirlinesGreensboro
67%
Spirit AirlinesGuatemala City
67%
Air Canada Rouge/Air Transat/WestJetHalifax
67%
Frontier Airlines/JetBlue/Southwest Airlines/Spirit AirlinesHartford
67%
Breeze Airways/Silver AirwaysHuntsville
67%
Air Canada Rouge/Air TransatQuebec City
67%
Frontier Airlines/Southwest Airlines/Spirit AirlinesSan Juan
67%
Azul Brazilian AirlinesBelo Horizonte (Confins)
64%
Gol Transportes AereosBrasilia
64%
Caribbean AirlinesKingston (Norman Manley)
64%
Frontier Airlines/JetBlue/Spirit AirlinesPunta Cana
64%
Frontier Airlines/JetBlue/Southwest AirlinesSyracuse
64%
Avelo AirlinesDayton
61%
Frontier Airlines/Southwest AirlinesGrand Rapids
61%
Silver AirwaysKey West
61%
Avianca/Spirit AirlinesMedellin (JMC)
61%
Frontier Airlines/Southwest Airlines/Spirit AirlinesNorfolk
61%
Norse Atlantic AirwaysOslo
61%
Avelo AirlinesWilmington (DE)
61%
Avelo AirlinesWilmington (NC)
61%
Avelo AirlinesMobile (International)
58%
Frontier Airlines/JetBlue/Southwest Airlines/Spirit AirlinesMontego Bay
58%
Spirit AirlinesAtlantic City
56%
Southwest AirlinesFort Myers
56%
Frontier AirlinesTrenton
56%
Frontier AirlinesHarrisburg
53%
Frontier Airlines/Southwest AirlinesLong Island/Islip
53%
Avelo AirlinesNew Haven (CT)
53%
Silver AirwaysPensacola
53%
Azul Brazilian AirlinesRecife
53%
WestJetRegina
53%
WestJetSt. John's
53%
Frontier AirlinesCedar Rapids/Iowa City
50%
BahamasairFreeport
50%
Frontier Airlines/Sun Country AirlinesGreen Bay
50%
Caribbean AirlinesPort of Spain
50%
Frontier AirlinesAntigua
47%
Southwest AirlinesAruba
47%
Avelo Airlines/Silver AirwaysGreenville/Spartanburg
47%
Avelo AirlinesLansing
47%
Spirit AirlinesMyrtle Beach
47%
Breeze AirwaysOrange County
47%
WestJetSaskatoon
47%
Breeze AirwaysFayetteville/Bentonville
44%
Air TransatMoncton
44%
Frontier AirlinesBelize City
42%
Frontier AirlinesCozumel
42%
Frontier Airlines/Spirit AirlinesSt. Thomas
42%
Azul Brazilian AirlinesCampinas
39%
Spirit AirlinesCartagena
39%
Frontier AirlinesOntario
39%
Frontier AirlinesSt. Maarten
39%
JetBlue/JSXWhite Plains
39%
Frontier Airlines/JetBlue/Spirit AirlinesAguadilla
36%
JetBlue/Spirit AirlinesPonce
36%
Spirit AirlinesSan Pedro Sula
33%
Frontier AirlinesBloomington/Normal
31%
Avelo AirlinesBrownsville
31%
Frontier AirlinesLiberia (CR)
31%
Frontier AirlinesNewburgh
31%
Frontier AirlinesProvidenciales
31%
Avelo AirlinesKalamazoo
28%
Southwest AirlinesLong Beach
28%
Avelo AirlinesNewport News
28%
Avelo AirlinesCharlottesville (VA)
25%
Avelo AirlinesDubuque
19%
Sun Country AirlinesEau Claire
14%
Avelo AirlinesBinghamton
11%

Score Distribution

Percentile by Number Answered

Percent of People with Each Score

Your Score History

You have not taken this quiz